Construction law (Record no. 113161)

MARC details
000 -LEADER
fixed length control field 00819cam a22002535a 4500
001 - CONTROL NUMBER
control field L154799
008 - FIXED-LENGTH DATA ELEMENTS--GENERAL INFORMATION
fixed length control field 120119s2011 xxk f 000 0 eng d
020 ## - INTERNATIONAL STANDARD BOOK NUMBER
International Standard Book Number 9781843119173
035 ## - SYSTEM CONTROL NUMBER
System control number (Sirsi) u154799
041 0# - LANGUAGE CODE
Language code of text/sound track or separate title eng
050 04 - LIBRARY OF CONGRESS CALL NUMBER
Classification number 692.8
100 1# - MAIN ENTRY--PERSONAL NAME
Personal name Bailey, Julian
245 00 - TITLE STATEMENT
Title Construction law
260 ## - PUBLICATION, DISTRIBUTION, ETC.
Place of publication, distribution, etc. London
Name of publisher, distributor, etc. Informa Law
Date of publication, distribution, etc. 2011
300 ## - PHYSICAL DESCRIPTION
Extent 3
Type of unit v.
Dimensions 25cm.
350 ## - PRICE (NR) (BK AM CF MU VM SE) [OBSOLETE]
Price 425
520 ## - SUMMARY, ETC.
Summary, etc. In three volumes, it contains detailed information on English and Australian construction law, with a focus on principles rather than cases. Also contains outlines of relevant statute law in England, Wales and the Australian States and Territories.
590 ## - LOCAL NOTE (RLIN)
Local note KA
651 #4 - SUBJECT ADDED ENTRY--GEOGRAPHIC NAME
Geographic name England and Wales
Chronological subdivision 1543-
651 ## - SUBJECT ADDED ENTRY--GEOGRAPHIC NAME
Geographic name Australia
690 ## - LOCAL SUBJECT ADDED ENTRY--TOPICAL TERM (OCLC, RLIN)
Topical term or geographic name as entry element Building regulations
9 (RLIN) 6224
942 ## - ADDED ENTRY ELEMENTS (KOHA)
Suppress in OPAC 0
Holdings
Withdrawn status Lost status Source of classification or shelving scheme Damaged status Not for loan Home library Current library Shelving location Date acquired Total Checkouts Full call number Barcode Date last seen Copy number Price effective from Koha item type
    Dewey Decimal Classification     London London Books 19/01/2012   692.8 BAI 30077277 06/08/2019 1 06/08/2019 Book